Générique Ruby Gloom - Paroles - Statistiques

Statistiques générales
  • Ce quiz a été pris 4 fois
  • Le résultat moyen est 10 sur 16
Statistiques - réponses
Paroles % Correct
Je t'emmène avec {moi}
100%
Allais viens mon {ami}
75%
Approche et tu pourras {voir}
75%
Dans le noir et tu {verras}
75%
Ruby {Gloom}
75%
Ruby {Gloom}
75%
Ruby {Gloom}
75%
Ruby {Gloom}
75%
Viens donc voir de plus {près}
75%
Découvrir {aujourd}'{hui}
50%
La-la lumière au coeur de la {nuit}
50%
Même s'il fait un peu {noir}
50%
La-la lumière au coeur de la {nuit}
25%
La-la lumière au coeur de la {nuit}
25%
La-la lumière au coeur de la {nuit}
25%
Si ma lumière te {plaît}
25%
Aucun quiz correspondant
Distribution des résultats
% des personnes avec chaque résultat
Percentile par nombre de réponses
Votre historique - résultats
Vous n’avez pas pris ce quiz